|
|
|
|
| LEADER |
00774nab a2200205 i 4500 |
| 001 |
publ39941 |
| 005 |
20260421143111.0 |
| 008 |
260421s2018 hu o 000 eng d |
| 022 |
|
|
|a 2666-2701
|
| 024 |
7 |
|
|a 10.5553/HYIEL/266627012018006001017
|2 doi
|
| 024 |
7 |
|
|a 30883414
|2 mtmt
|
| 040 |
|
|
|a SZTE Publicatio Repozitórium
|b hun
|
| 041 |
|
|
|a eng
|
| 100 |
1 |
|
|a Szalai Anikó
|
| 245 |
1 |
0 |
|a Comprehensive Study of the Reservations to Treaties Made by Hungary
|h [elektronikus dokumentum] /
|c Szalai Anikó
|
| 260 |
|
|
|c 2018
|
| 300 |
|
|
|a 299-312
|
| 490 |
0 |
|
|a HUNGARIAN YEARBOOK OF INTERNATIONAL LAW AND EUROPEAN LAW
|v 6 No. 1
|
| 650 |
|
4 |
|a Jogtudomány
|
| 856 |
4 |
0 |
|u http://publicatio.bibl.u-szeged.hu/39941/1/ComprehensiveStudyoftheReservationstoTreatiesMadebyHungary.pdf
|z Dokumentum-elérés
|